Short Film Nirmmanam (Record no. 125253)

MARC details
000 -LEADER
fixed length control field 00421nam a2200133Ia 4500
008 - FIXED-LENGTH DATA ELEMENTS--GENERAL INFORMATION
fixed length control field 211122s9999||||xx |||||||||||||| ||und||
082 ## - DEWEY DECIMAL CLASSIFICATION NUMBER
Classification number 791.43
Item number THE-S
100 ## - MAIN ENTRY--PERSONAL NAME
Personal name Theruvappuzha, Sajan
245 #0 - TITLE STATEMENT
Title Short Film Nirmmanam
260 ## - PUBLICATION, DISTRIBUTION, ETC.
Name of publisher, distributor, etc. Mathrubhumi Books
Place of publication, distribution, etc. Kozhikode
630 ## - SUBJECT ADDED ENTRY--UNIFORM TITLE
General subdivision General Stack
650 ## - SUBJECT ADDED ENTRY--TOPICAL TERM
Topical term or geographic name entry element THE ARTS;FINE AND DECORATIVE ARTS
942 ## - ADDED ENTRY ELEMENTS (KOHA)
Koha item type BOOK
650 ## - SUBJECT ADDED ENTRY--TOPICAL TERM
Form subdivision RECREATIONAL AND PERFORMING ARTSPUBLIC PERFORMANCEMalayalam
Holdings
Withdrawn status Lost status Damaged status Not for loan Home library Current library Date acquired Cost, normal purchase price Total Checkouts Full call number Barcode Shelving location Date due Date last seen Date last checked out Price effective from Koha item type
        SB LIBRARY SB LIBRARY 22/11/2021 125.00 4 791.43 THE-S 00138922 GENERAL STACK 18/07/2024 04/07/2024 04/07/2024 22/11/2021 BOOK

Powered by Koha